00812cam a2200193 a 4500020004000000040000800040082002600048100002100074245008600095260003100181300003300212650002400245856005800269856006500327856005500392942000700447999001700454952014700471 a0471303011 (cloth : acidfree paper) cDLC00a575 WIL 1995 A025 Or.1 aEldredge, Niles.10aReinventing Darwin :bthe great debate at the high table of evolutionary theory / aNew York :bWiley,cc1995. axi, 244 p. :bill. ;c25 cm.00aEvolution (Biology)42uhttp://www.loc.gov/catdir/bios/wiley041/94032861.html42uhttp://www.loc.gov/catdir/description/wiley031/94032861.html4 uhttp://www.loc.gov/catdir/toc/onix01/94032861.html cEK c13471d13471 0010406575_000000000000000_WIL_1995_A025_OR70964513aLBAbLBAcA025d2017-08-26o575 WIL 1995 A025 Or.pA18587r2017-08-26w2017-08-26yEK